OPAC Home

ප්‍රායෝගික සිංහල ශබ්දකෝෂය : 1 වැනි වෙළුම (Record no. 2325)

MARC details
000 -LEADER
fixed length control field 00531nam a2200169Ia 4500
008 - FIXED-LENGTH DATA ELEMENTS--GENERAL INFORMATION
fixed length control field 180921t2017 xxu||||| |||| 00| 0 sin d
041 ## - LANGUAGE CODE
Language code of text/sound track or separate title sin
080 ## - UNIVERSAL DECIMAL CLASSIFICATION NUMBER
Universal Decimal Classification number 030.8
Item number Har
003 - CONTROL NUMBER IDENTIFIER
control field LK-CoDNM
040 ## - CATALOGING SOURCE
Original cataloging agency LK-CoDNM
Modifying agency LK-CoDNM
Description conventions LK-CoDNM
100 ## - MAIN ENTRY--PERSONAL NAME
Personal name Harishchandra , Vijayathunga
245 ## - TITLE STATEMENT
Title ප්‍රායෝගික සිංහල ශබ්දකෝෂය : 1 වැනි වෙළුම
246 ## - VARYING FORM OF TITLE
Title proper/short title Prayogika sinhala shabda Koshaya : Vol 1
260 ## - PUBLICATION, DISTRIBUTION, ETC.
Name of publisher, distributor, etc. Godage
Place of publication, distribution, etc. Colombo
Date of publication, distribution, etc. 2017
300 ## - PHYSICAL DESCRIPTION
Other physical details 910p, 22cm
942 ## - ADDED ENTRY ELEMENTS (KOHA)
Koha item type Books
Holdings
Withdrawn status Lost status Damaged status Not for loan Collection Home library Current library Date acquired Full call number Barcode Date last seen Price effective from Koha item type
        Monographs Library National Museum Colombo - Sri Lanka Library National Museum Colombo - Sri Lanka 2019-03-21 030.8 Har 166937 2023-06-01 2023-06-01 Books
Copyright © 2023 Department of National Museum, Colombo 07, Sri Lanka Funded by UNESCO IFAP UNESCO